Państwa najbliższe Mongolii - sprint jednominutowy - Statystyki

Ogólne statystyki
  • Ten quiz został rozwiązany 81 razy
  • Średni wynik to 12 z 15
Statystyki odpowiedzi
km Państwo % Poprawnych
0 Chiny
100%
0 Rosja
99%
32 Kazachstan
93%
1 629 Japonia
87%
774 Korea Północna
86%
1 102 Korea Południowa
86%
1 470-1 066 * Indie
84%
942 Kirgistan
81%
1 563 Tadżykistan
74%
1 832 Nepal
72%
1 607 Uzbekistan
72%
1 593 Afganistan
65%
1 645 Pakistan
65%
1 718 Bhutan
64%
1 568 Mjanma
46%
Nie znaleziono quizów pasujących do podanych kryteriów
Rozkład punktacji
Procent ludzi z każdym wynikiem
Percentyl według liczby udzielonych odpowiedzi
Twoja historia wyników
Nie rozwiązałeś tego quizu